00454nam a2200157Ia 4500003000900000008004100009020002200050040001600072080001500088100001800103245009400121250001200215260004200227300001300269650001400282IN-BaIIA211028s9999 xx 000 0 eng d a978-0-19-568446-9 cIIA Library a800.1bTHE aChomsky, noam 4athe architecture of languagecnoam Chomsky  a4th ed. aOxfordbOxford University Pressc2009 axv, 89p. aLanguages